000 00741nam a2200289Ia 4500
005 20260324125826.0
008 008 260324s9999 xx 000 0 eng d
020 _a9780429191329
037 _aEBOOK
040 _aCRL
040 _beng
040 _cCRL
041 _2eng
041 _aeng
084 _qCRL
100 _aMichael D. S. Harris; David Herron; Stasia Iwanicki
_91179473
245 4 _aThe Business Value of IT
245 0 _bManaging Risks, Optimizing Performance and Measuring Results
260 _bTaylor and Francis
260 _c2008
365 _a
365 _b180
856 _uhttp://www.taylorfrancis.com/books/9780429191329
942 _cEBOOK
999 _c1775060
_d1775060